<?xml version="1.0" encoding="UTF-8"?>
<record
    xmlns:xsi="http://www.w3.org/2001/XMLSchema-instance"
    xsi:schemaLocation="http://www.loc.gov/MARC21/slim http://www.loc.gov/standards/marcxml/schema/MARC21slim.xsd"
    xmlns="http://www.loc.gov/MARC21/slim">

  <leader>02851cam a2200361 i 4500</leader>
  <controlfield tag="001">20494797</controlfield>
  <controlfield tag="003">OSt</controlfield>
  <controlfield tag="005">20230705110847.0</controlfield>
  <controlfield tag="008">180514s2019    nyub          000 1 eng  </controlfield>
  <datafield tag="010" ind1=" " ind2=" ">
    <subfield code="a">  2018020711</subfield>
  </datafield>
  <datafield tag="020" ind1=" " ind2=" ">
    <subfield code="a">9780451494047</subfield>
    <subfield code="q">(hardcover)</subfield>
  </datafield>
  <datafield tag="020" ind1=" " ind2=" ">
    <subfield code="z">9780451494054</subfield>
    <subfield code="q">(ebook)</subfield>
  </datafield>
  <datafield tag="040" ind1=" " ind2=" ">
    <subfield code="a">DLC</subfield>
    <subfield code="b">eng</subfield>
    <subfield code="c">DLC</subfield>
    <subfield code="e">rda</subfield>
    <subfield code="d">DLC</subfield>
  </datafield>
  <datafield tag="042" ind1=" " ind2=" ">
    <subfield code="a">pcc</subfield>
  </datafield>
  <datafield tag="050" ind1="0" ind2="0">
    <subfield code="a">PR9381.9.O98</subfield>
    <subfield code="b">D73 2019</subfield>
  </datafield>
  <datafield tag="082" ind1="0" ind2="0">
    <subfield code="a">823/.92</subfield>
    <subfield code="2">23</subfield>
  </datafield>
  <datafield tag="100" ind1="1" ind2=" ">
    <subfield code="a">Owuor, Yvonne Adhiambo,</subfield>
    <subfield code="e">author.</subfield>
  </datafield>
  <datafield tag="245" ind1="1" ind2="4">
    <subfield code="a">The dragonfly sea :</subfield>
    <subfield code="b">a novel /</subfield>
    <subfield code="c">Yvonne Adhiambo Owuor.</subfield>
  </datafield>
  <datafield tag="264" ind1=" " ind2="1">
    <subfield code="a">New York :</subfield>
    <subfield code="b">Alfred A. Knopf,</subfield>
    <subfield code="c">2019.</subfield>
  </datafield>
  <datafield tag="300" ind1=" " ind2=" ">
    <subfield code="a">489 pages :</subfield>
    <subfield code="b">color maps ;</subfield>
    <subfield code="c">25 cm</subfield>
  </datafield>
  <datafield tag="336" ind1=" " ind2=" ">
    <subfield code="a">text</subfield>
    <subfield code="b">txt</subfield>
    <subfield code="2">rdacontent</subfield>
  </datafield>
  <datafield tag="337" ind1=" " ind2=" ">
    <subfield code="a">unmediated</subfield>
    <subfield code="b">n</subfield>
    <subfield code="2">rdamedia</subfield>
  </datafield>
  <datafield tag="338" ind1=" " ind2=" ">
    <subfield code="a">volume</subfield>
    <subfield code="b">nc</subfield>
    <subfield code="2">rdacarrier</subfield>
  </datafield>
  <datafield tag="500" ind1=" " ind2=" ">
    <subfield code="a">Maps on endpapers.</subfield>
  </datafield>
  <datafield tag="500" ind1=" " ind2=" ">
    <subfield code="a">"Author of Dust"--Dust jacket.</subfield>
  </datafield>
  <datafield tag="520" ind1=" " ind2=" ">
    <subfield code="a">"From the award-winning author of Dust comes a vibrant, stunningly global novel about a young woman struggling to find her place--a poignant exploration of fate, mortality, love, and loss. On the small island of Pate, off the coast of Kenya, lives a girl named Ayaana. She is solitary and stubborn--she and her mother, Munira, are outcasts from the insular local society--and her kitten is her main companion. When a wizened sailor named Muhidin, also an outsider, enters their lives, Ayaana receives what she has long hoped for: a father. But this makeshift family's happiness crumbles as Ayaana grows into adulthood and the threats against her begin to mount: from an Islamic extremist, from the black-clad strangers who kidnap Muhidin's son, from a human trafficker, from the simmering resentments of those around her. So when a contingent of cultural emissaries from China invite Ayaana abroad, she embarks on a dramatic ship's journey to the Far East, where she will make friends and enemies; be seduced by the mercurial scion of a powerful Turkish business family; be initiated into a world of intrigue and passion and high stakes; and, at last, find understanding where she least expects it. Her one constant remains her devotion to the sea, which pulls her across the globe in search of a place where she can love and be loved. The Dragonfly Sea is a transcendent, gloriously told story of adventure, fraught choices, and of the inexorable need for shelter in a dangerous world"--</subfield>
    <subfield code="c">Provided by publisher.</subfield>
  </datafield>
  <datafield tag="610" ind1=" " ind2=" ">
    <subfield code="a">Outcasts</subfield>
    <subfield code="z">Kenya</subfield>
  </datafield>
  <datafield tag="610" ind1=" " ind2=" ">
    <subfield code="a">Adventure fiction</subfield>
  </datafield>
  <datafield tag="776" ind1="0" ind2="8">
    <subfield code="i">Online version:</subfield>
    <subfield code="a">Owuor, Yvonne Adhiambo, author.</subfield>
    <subfield code="t">Dragonfly sea</subfield>
    <subfield code="b">First edition.</subfield>
    <subfield code="d">New York : Alfred A. Knopf, 2019</subfield>
    <subfield code="z">9780451494054</subfield>
    <subfield code="w">(DLC) 2018023670</subfield>
  </datafield>
  <datafield tag="906" ind1=" " ind2=" ">
    <subfield code="a">7</subfield>
    <subfield code="b">cbc</subfield>
    <subfield code="c">orignew</subfield>
    <subfield code="d">1</subfield>
    <subfield code="e">ecip</subfield>
    <subfield code="f">20</subfield>
    <subfield code="g">y-gencatlg</subfield>
  </datafield>
  <datafield tag="942" ind1=" " ind2=" ">
    <subfield code="2">lcc</subfield>
    <subfield code="c">AFRICANA</subfield>
    <subfield code="h">PR9381.9.O98D73 2019</subfield>
  </datafield>
  <datafield tag="999" ind1=" " ind2=" ">
    <subfield code="c">31645</subfield>
    <subfield code="d">31645</subfield>
  </datafield>
  <datafield tag="952" ind1=" " ind2=" ">
    <subfield code="0">0</subfield>
    <subfield code="1">0</subfield>
    <subfield code="2">lcc</subfield>
    <subfield code="4">0</subfield>
    <subfield code="7">0</subfield>
    <subfield code="a">MUC</subfield>
    <subfield code="b">MUC</subfield>
    <subfield code="c">AFR</subfield>
    <subfield code="d">2022-08-18</subfield>
    <subfield code="e">Purchase-cooperate</subfield>
    <subfield code="g">2972.00</subfield>
    <subfield code="l">2</subfield>
    <subfield code="o">PR9381.9.O98D73 2019</subfield>
    <subfield code="p">23345</subfield>
    <subfield code="r">2026-01-07</subfield>
    <subfield code="s">2025-12-11</subfield>
    <subfield code="w">2023-07-05</subfield>
    <subfield code="y">BOOKS</subfield>
  </datafield>
</record>
